Cuatro dčadas de divulgacin̤

Bibliographic Details
Main Author: Ortiz Treviǫ, Rigoberto Gerardo
Other Authors: Carren̤ Perea, Manuel Jorge
Format: eBook
Language:Spanish
Published: Ciudad de Mx̌ico: Instituto Nacional de las Ciencias Penales, 2016
Subjects:
Online Access:Acceso restringido

MARC

LEADER 00000nam a22000007a 4500
005 2018111705195.0
007 cr|||| |||
008 181117s2016 mx |||||s|||| 00||0 spa d
020 |a 978-607-8447-71-8 
035 |a 22438 
040 |a vLex 
090 |c 8312  |d 8312 
100 1 |a Ortiz Treviǫ, Rigoberto Gerardo 
245 1 0 |a Cuatro dčadas de divulgacin̤  |h [Recurso electrn̤ico] /  |c Rigoberto Gerardo Ortiz Treviǫ, Manuel Jorge Carren̤ Perea 
256 |a Servicio en ln̕ea 
260 |a Ciudad de Mx̌ico:  |b Instituto Nacional de las Ciencias Penales,  |c 2016 
300 |a 1 recurso electrn̤ico 
506 1 |a Disponible solo en los productos indicados  |d vLex Global  |d vLex Global (Academic Edition, excluding Law Schools)  |d vLex Global (U.S. Academic Edition, Law Schools)  |d vLex Global (U.S. Academic Edition, excluding Law Schools)  |d vLex Global (Academic Edition, Law Schools) 
650 0 4 |a Derecho Penal  |z Mx̌ico 
700 1 |a Carren̤ Perea, Manuel Jorge 
740 0 |a vLex Libros (Servicio en ln̕ea) 
856 4 0 |u http://vlex.com/source/cuatro-decadas-divulgacion-22438  |z Acceso restringido 
942 |c BOOK 
999 0 |a Criminal law